| 000 | 00803nam a2200253Ia 4500 | ||
|---|---|---|---|
| 008 | 191130s1998##################000#0#eng## | ||
| 020 | _a9780415146340 | ||
| 022 | _a98014169 | ||
| 040 |
_aACL _cACL |
||
| 082 | _a305.3109 FOX | ||
| 245 |
_aWhen men were men : masculinity, power, and identity in classical antiquity _cedited by Lin Foxhall and John Salmon |
||
| 260 |
_aLondon ; New York _bRoutledge _c1998 |
||
| 300 | _axii, 257 p. : ill. ; cm | ||
| 500 | _aIncludes bibliographical references (p. 224-247) and indexes | ||
| 650 | _aCivilization, Classical | ||
| 650 | _aMasculinity - History | ||
| 650 | _aMen - Greece | ||
| 650 | _aMen - Rome | ||
| 700 | _aFoxhall, Lin | ||
| 700 | _aSalmon, J. B | ||
| 990 | _a7fddc9a5ac10000c2ac6f105800a01bb | ||
| 991 | _a193123 | ||
| 999 |
_c95028 _d95028 |
||